| 000 | 00874nac a22002531u 4500 | ||
|---|---|---|---|
| 010 | _a91014526 | ||
| 020 | _a0070257426 (text) | ||
| 020 | _a0070257434 (experiments manual) | ||
| 020 | _a0070257442 (instructor's manual) | ||
| 020 | _a0074636391 | ||
| 082 | 0 | 0 |
_a005.26 _bH1741 |
| 090 |
_c883 _d883 |
||
| 100 | _aHall, Douglas V. | ||
| 245 | 1 | 0 |
_aMicroprocessors and interfacing : _bprogramming and hardware / _cDouglas V. Hall. |
| 250 | _a2nd ed. | ||
| 260 |
_aNew Delhi : _bTata McGraw-Hill, _c1991. |
||
| 300 |
_axiv, 624 p. : _bill. ; _c29 cm. |
||
| 500 | _aIncludes index. | ||
| 650 | 0 |
_aMicroprocessors _xProgramming. |
|
| 650 | 0 | _aMicroprocessors. | |
| 650 | 0 | _aComputer interfaces. | |
| 942 |
_cBB _k005.26H1741 |
||
| 999 |
_c883 _d883 |
||